Un soñador profesional: conversaciones con Mario Toral
Kaydedildi:
| Yazar: | |
|---|---|
| Materyal Türü: | Kitap |
| Dil: | İspanyolca |
| Baskı/Yayın Bilgisi: |
Santiago
Ediciones Universidad Finis Terrae
2019
|
| Edisyon: | 1a. ed |
| Konular: | |
| Etiketler: |
Etiketle
Etiket eklenmemiş, İlk siz ekleyin!
|
MARC
| LEADER | 00000cam a2200000 a 4500 | ||
|---|---|---|---|
| 001 | UCB0195 | ||
| 003 | CL-VaPUC | ||
| 005 | 20240819171543.0 | ||
| 008 | 191220e20190000cl spa d | ||
| 999 | |c 375901 |d 375899 | ||
| 020 | |a 9789563910346 | ||
| 040 | |c Pontificia Universidad Católica de Valparaíso | ||
| 082 | 0 | 4 | |a 759.983 GUE 2019 |2 21 |
| 100 | |a Guerrero del Río, Eduardo |e author |9 604847 | ||
| 245 | 1 | 3 | |a Un soñador profesional: conversaciones con Mario Toral |
| 250 | |a 1a. ed | ||
| 260 | |a Santiago |b Ediciones Universidad Finis Terrae |c 2019 | ||
| 300 | |a 207 p | ||
| 583 | |a last modification |c 20191220 13:26:00 |k cmena | ||
| 650 | 0 | 0 | |a Pintura chilena |9 266171 |
| 650 | 0 | 0 | |a Pintura chilena contemporanea |9 464598 |
| 942 | |c BK |2 ddc | ||
| 945 | |a dcastane |d 20191220 13:26:00 | ||
| 952 | |0 0 |1 0 |2 ddc |4 0 |6 759_983000000000000_GUE_2019 |7 0 |8 R |9 495009 |a BIBART |b BIBART |d 2019-12-13 |e 4 |g 15000.00 |i 5568080 |o 759.983 GUE 2019 |p 5568080 |r 2025-03-13 |t 1 |v 15000.00 |w 2019-12-13 |y BK_R | ||